1202 1028 1237 1545 1318 1791 1443 1892 1779 1035 1876 1443 1483 1741 1014 1435 1231 1170 1300 1617 1460 1926 1987 1261 1577 1458 1820 1594 1355 1357 1083 1585 1256 1782 1470 1174 1806 1833 1917 1559 1392 1946 1919 1515 1876 1642 1664 1272 1982 1475 1452 1382 1750 1051 1309 1160 1627 1914 1646 1819 1299 1479 1687 1883 1806 1120 1008 1517 1717 1424 1178 1728 1690 1351 1069 1858 1629 1332 1088 1986 1573 1152 1608 1338 1238 1352 1347 1222 1721 1374 1743 1159 1568 1688 1706 1551 1779 1860 1373 BCNSPRNW ULIB Ver.6.0+V

เปลี่ยนเป็นภาษาไทย

Change to English
 แสดงรายละเอียดบรรณานุกรม
  กลับหน้าหลัก

Brief Record : Get Marc (ISO 2709) : E-mail record : QR code < ปิดหน้าต่าง
LEADER : 00000nam 2200000uu 4500
001    13399121674
003     ULIB
008    121129s2548||||th 000 0 tha d
020    ^a9746056832
020    ^a9789746056830
060 04 ^aWS104^bส236พ
100 0  ^aสมจิตร์ จารุรัตนศิริกุล
245 10 ^aพัฒนาการของระบบอวัยวะเพศและความผิดปกติที่พบในผู้ป่วยเด็ก /^cสมจิตร์ จารุรัตนศิริกุล ; บรรณาธิการ, พุฒิศักดิ์ พุทธวิบูลย์
250    ^aพิมพ์ครั้งที่ 2
260    ^aสงขลา :^bหน่วยผลิตตำราคณะแพทยศาสตร์มหาวิทยาลัยสงขลานครินทร์,^c2548
300    ^a143 หน้า :^bภาพประกอบ ;^c30 ซม.
650  7 ^aโครโมโซมเพศ
650  7 ^aต่อมเพศ
650  7 ^aอวัยวะสืบพันธุ์
700 0  ^aพุฒิศักดิ์ พุทธวิบูลย์,^eบรรณาธิการ
710 2  ^aมหาวิทยาลัยสงขลานครินทร์. ^bหน่วยผลิตตำราคณะแพทยศาสตร์
945    ^p180^l0^i24322
995    ^aวิภา
999 ^a ใช้งานได้ทุกระบบ
รายการนี้ยังไม่มีแท็ก
คุณยังไม่ได้ล็อกอิน คุณสามารถมีกิจกรรมร่วมกับเว็บไซต์ได้ แต่ต้องล็อกอินก่อน ::
  ล็อกอิน

รายการสื่อสารสนเทศ

ลำดับที่ ประเภท เลขเรียก/บาร์โค้ด สถานที่ สถานะ
1. วิทยาศาสตร์การแพทย์ และสุขภาพ
วิทยาศาสตร์การแพทย์ และสุขภาพ
WS104 ส236พ  
  Barcode: 24322
ห้องสมุดวิทยาเขตสวรรค์ประชารักษ์
►หนังสือทั่วไป
บนชั้น

รายการใกล้เคียง
    ผู้แต่ง [สมจิตร์ จารุรัตนศิริกุล]

    หัวเรื่อง [อวัยวะสืบพันธุ์]

BibComment


ยังไม่เคยถูกคอมเมนท์

คอมเมนท์ทรัพยากรรายการนี้
  คอมเมนท์: พัฒนาการของระบบอ..


 Copyright 2026. Bcnsprnw @Library